000 00911nam a2200265 i 4500
001 8198
003 ES-MaACL
005 20250809035206.0
008 920305s1991 sp l |||| | spa d
020 _a84-7398-906-6
080 _a343(460)"1973"(094.4)
110 1 _aEspaña.
_tCódigo penal, 1973.
_9169219
240 1 0 _aCódigo penal, 1973
245 1 0 _aCódigo penal y legislación complementaria.
250 _a16ª ed.
_b/ a cargo de Julio Díaz-Maroto y Villarejo y Carlos J. Suárez González.
260 _aMadrid :
_bCivitas,
_c1991.
300 _a557 p. ;
_c17 cm.
490 1 _aBiblioteca de legislación ;
_v7
650 4 _aDerecho penal-
_zEspaña
_911752
700 1 _aDíaz-Maroto y Villarejo, Julio.
_944337
700 1 _aSuárez González, Carlos J.
_9108626
830 1 _aBiblioteca de legislación ;
_v7
_9177899
852 4 _aES-MaACL
_jL-15395
999 _c8198
_d8198